Señas o anticipos que congelan precios (Registro nro. 14068)

Detalles MARC
000 -LEADER
fixed length control field 00325 a2200109 4500
001 - CONTROL NUMBER
control field ART_51336
005 - DATE AND TIME OF LATEST TRANSACTION
control field 20260410161649.0
008 - FIXED-LENGTH DATA ELEMENTS--GENERAL INFORMATION
fixed length control field 260409a
100 1# - MAIN ENTRY--PERSONAL NAME
Personal name Bechara, Fabián
245 10 - TITLE STATEMENT
Title Señas o anticipos que congelan precios
773 0# - HOST ITEM ENTRY
Title Consultor tributario
Related parts - Año 14, N° 163 (sep. 2020)
Record control number REV474

No hay ítems disponibles.